Las peñas folklóricas como recurso turístico recreativo en la ciudad de Bahía Blanca

Detalles Bibliográficos
Autor principal: Castro, Federico Agustín (Autor, Disertante)
Otros Autores: Sereno, Claudia A. (Orientador, Directora), Schenkel, Erica. 1986- (Orientador, Codirectora)
Formato: Tesis eBook
Lenguaje:Espa�ol
Publicado: 2023.
Materias:
Acceso en línea:Repositorio del Departamento de Geografía y Turismo.
Etiquetas: Agregar Etiqueta
Sin Etiquetas, Sea el primero en etiquetar este registro!

MARC

LEADER 00000ntm a22000004a 4500
001 AR-BbUGT58380
003 AR-BbUGT
005 20250331151828.0
007 cr nn a|a|a|aa
008 250331s2023 ag o om 001 0 spa d
040 |a AR-BbUGT  |c AR-BbUGT  |e aacr2 
082 |a 380.14 
100 |a Castro, Federico Agustín.  |e Autor  |4 dis 
245 |a Las peñas folklóricas como recurso turístico recreativo en la ciudad de Bahía Blanca  |h [Recurso electrónico] /  |c tesista: Castro, Federico Agustín ; directora: Sereno, Claudia ; co-directora: Schenkel, Erica. 
260 |c 2023. 
300 |a 1 recurso en línea (77 p.) :   |b fot. col. 
500 |a Descripción basada en el recurso electrónico; título tomado del PDF, (visto el 31 de marzo de 2025).  
500 |a "Tesina de Licenciatura en Turismo" (Port.) 
502 |g Tesis  |b Grado  |c Universidad Nacional del Sur, Departamento de Geografía y Turismo.  |d 2023  |o 7071 
506 0 |a Acceso abierto. 
520 3 |a La tesis aborda las peñas folklóricas de la ciudad de Bahía Blanca para reconocer el potencial turístico de estos espacios y eventos culturales, realzar su aporte al patrimonio cultural local y su contribución para diversificar la oferta turístico-recreativa actual de la ciudad. Se elaboran propuestas que contribuyan a la gestión turística del patrimonio local con el fin de consolidar a las peñas folklóricas como un recurso turístico en la ciudad. 
538 |a Modo de acceso: Internet.  
540 |a Reconocimiento-NoComercial-SinObraDerivada 4.0 (CC BY-NC-ND 4.0)  |u http://creativecommons.org/licenses/by-nc-nd/4.0/ 
650 |a Turismo cultural  |2 unescot 
650 |a  Patrimonio cultural inmaterial  |2 unescot 
651 4 |a Bahía Blanca (Argentina)  |9 257 
653 |a Peñas folklóricas 
653 |a Baile criollo 
653 |a Folklore argentino 
653 |a Gastronomía folklórica 
700 1 |a Sereno, Claudia A.  |e Directora  |4 ths  |9 812 
700 1 |a Schenkel, Erica.  |d 1986-  |e Codirectora  |4 ths  |9 830 
710 2 |a Universidad Nacional del Sur.  |b Departamento de Geografía y Turismo  |4 dgg  |9 48 
856 4 |u https://repositoriodigital.uns.edu.ar/handle/123456789/7071  |y Repositorio del Departamento de Geografía y Turismo.  |3 Texto completo  |7 0  |2 http 
942 |c BK  |2 ddc  |h 380.14  |6 380_140000000000000 
999 |c 16158  |d 16158